00398 a2200145 4500003000400000005001700004008004100021020001800062040000900080082001800089100002500107245005000132260005600182300001400238OSt20250610140537.0250528b |||||||| |||| 00| 0 eng d a9789355205445 coclc a823.92bCHA/K1 aChatterjee, Debashis aKrishna: The 7th Sense /cDebashis Chatterjee a New DelhibRupa Publications India Pvt. Ltd.c2022 a243 pages